Metafísica / (Registro nro. 333)
[ vista simple ]
| 000 -LEADER | |
|---|---|
| fixed length control field | 00927cam a2200301 i 4500 |
| 001 - CONTROL NUMBER | |
| control field | 333 |
| 003 - CONTROL NUMBER IDENTIFIER | |
| control field | Mx-PuUPA |
| 005 - DATE AND TIME OF LATEST TRANSACTION | |
| control field | 20240410103427.0 |
| 008 - FIXED-LENGTH DATA ELEMENTS--GENERAL INFORMATION | |
| fixed length control field | 140415s1986 mx r 000 0 spa d |
| 020 ## - INTERNATIONAL STANDARD BOOK NUMBER | |
| International Standard Book Number | 9684131100 |
| 040 ## - CATALOGING SOURCE | |
| Original cataloging agency | MX-PuUPA |
| Language of cataloging | spa |
| Description conventions | rda |
| Transcribing agency | Mx-PuUPA |
| Modifying agency | Mx-PuUPA |
| 041 1# - LANGUAGE CODE | |
| Language code of text/sound track or separate title | spa |
| Language code of original | grc |
| 100 0# - MAIN ENTRY--PERSONAL NAME | |
| Personal name | Aristotle, |
| Relator term | autor |
| 9 (RLIN) | 1836 |
| 240 10 - UNIFORM TITLE | |
| Uniform title | Tα mεtα tα Φνσικα. |
| Language of a work | Español |
| 245 10 - TITLE STATEMENT | |
| Title | Metafísica / |
| Statement of responsibility, etc. | Aristóteles. |
| 250 ## - EDITION STATEMENT | |
| Edition statement | 13a. edición |
| 264 #1 - PRODUCTION, PUBLICATION, DISTRIBUTION, MANUFACTURE, AND COPYRIGHT NOTICE | |
| Place of production, publication, distribution, manufacture | México, D.F. : |
| Name of producer, publisher, distributor, manufacturer | Espasa-Calpe Mexicana, |
| Date of production, publication, distribution, manufacture, or copyright notice | 1986 |
| 300 ## - PHYSICAL DESCRIPTION | |
| Extent | 324 páginas ; |
| Dimensions | 19 cm |
| 336 ## - CONTENT TYPE | |
| Content type term | texto |
| Fuente | rdacontent |
| Content type code | txt |
| 337 ## - MEDIA TYPE | |
| Media type term | sin medio |
| Source | rdamedia |
| Media type code | n |
| 338 ## - CARRIER TYPE | |
| Carrier type term | volumen |
| Source | rdacarrier |
| Carrier type code | nc |
| 490 0# - SERIES STATEMENT | |
| Series statement | Colección Austral ; |
| Volume/sequential designation | 399 |
| 650 #4 - SUBJECT ADDED ENTRY--TOPICAL TERM | |
| Topical term or geographic name entry element | Metafísica |
| 700 1# - ADDED ENTRY--PERSONAL NAME | |
| Personal name | Azcárate, Patricio, |
| Relator term | traductor |
| 765 18 - ORIGINAL LANGUAGE ENTRY | |
| Main entry heading | Aristotle, |
| Title | Tα mεtα tα Φνσικα. |
| 942 ## - ADDED ENTRY ELEMENTS (KOHA) | |
| Source of classification or shelving scheme | Dewey Decimal Classification |
| Koha item type | Libro |
| Classification part | 110 |
| Item part | A696 |
| Withdrawn status | Lost status | Source of classification or shelving scheme | Damaged status | Not for loan | Collection code | Home library | Current library | Shelving location | Date acquired | Source of acquisition | Total Checkouts | Full call number | Barcode | Date last seen | Date last checked out | Price effective from | Koha item type |
|---|---|---|---|---|---|---|---|---|---|---|---|---|---|---|---|---|---|
| Dewey Decimal Classification | General | Biblioteca Karol Wojtyla | Biblioteca Karol Wojtyla | Sala general | 03/12/2013 | Compra | 1 | 110 A696 1986 | 10392 | 05/01/2026 | 19/01/2022 | 13/01/2018 | Libro |